Normal view
MARC view
- ISLAM-HADITH-RIYAZ-UL-SALIHEEN ISLAM-QURAN-VERSES
Entry Topical Term
001 - CONTROL NUMBER
- control field: 76694
003 - CONTROL NUMBER IDENTIFIER
- control field: NUST
005 - DATE AND TIME OF LATEST TRANSACTION
- control field: 20210628205708.0
008 - FIXED-LENGTH DATA ELEMENTS
- fixed length control field: 210628|| aca||aabn | a|a d
040 ## - CATALOGING SOURCE
- Original cataloging agency: NUST
- Transcribing agency: NUST
150 ## - HEADING--TOPICAL TERM
- Topical term or geographic name entry element: ISLAM-HADITH-RIYAZ-UL-SALIHEEN ISLAM-QURAN-VERSES
670 ## - SOURCE DATA FOUND
- Source citation: Work cat.: (NUST): Amam Muhi-Ud-Din Abu Zikria Muhammad Sadiq Khalil 76693, Riyaz-ul-saliheen, 1977
